| 000 | 00707nam a2200217 i 4500 | ||
|---|---|---|---|
| 001 | 84966 | ||
| 003 | ES-MaACL | ||
| 005 | 20240228185850.0 | ||
| 007 | t| | ||
| 008 | 041124s1977 sp ||||1| spa d | ||
| 100 | 1 |
_aJonas, Doris. _966819 |
|
| 245 | 1 | 0 |
_aSexo y status _b: influencia de la sexualidad en la jerarquía social / _cDoris Jonas ; [traducción, José Manuel Pomares]. |
| 250 | _a[1ª ed.]. | ||
| 260 |
_a[Barcelona : _bLuis de Caralt, _c1977] |
||
| 300 |
_a243 p. ; _c18 cm. |
||
| 490 | 1 | _aBiblioteca universal Caralt | |
| 700 | 0 |
_aPomares, José M., _d1943- _992903 |
|
| 830 | 0 |
_aBiblioteca universal Caralt _9187326 |
|
| 852 |
_aES-MaACL _jA-7256 _bR.96173 |
||
| 999 |
_c84966 _d84966 |
||